000 00743nam a2200217Ii 4500
003 JO-AjNU
008 230605s9999||||xx |||||||||||||| ||und||
017 _a2001/10891
020 _a977-01-7277-4
040 _aJO-AjNU
_bara
_erda
_cJO-AjNU
041 _aara
050 1 4 _aN7428.C4 2001
100 3 _aأدمان، أورين تأليف/ حبيب،مصطفى مترجم,
_eauthor
_918864
245 0 0 _aالفنون والإنسان:مقدمة موجزة لعلم الجمال
264 3 1 _aمصر: الهيئه المصرية العامة للكتاب،2001
300 _a162ص
336 _atext
_btxt
_2rdacontent
337 _aunmediated
_bn
_2rdamedia
338 _avolume
_bnc
_2rdacarrier
650 4 _aالفن-التاريخ
_918865
999 _aA6113
_c9681
_d9681